000 00559nam a2200193Ia 4500
005 20250923145302.0
008 008 250917s9999 xx 000 0 eng d
037 _aTextual
040 _aDSWL
_beng
_cDSWL
041 _aeng
_2eng
084 _aY:435:6:(5)x, N73
_qDSWL
100 _aZwingmann, C.
_9833689
245 0 _aUprooting and After
_cby C. Zwingmann
260 _aBerlin
_bSpringer-Verlag
_c1973
300 _ax,361p.
700 _aM. Pfister-Ammende
_9833690
942 _cTEXL
_hY:435:6:(5)x, N73
999 _c1449487
_d1449487